[Event "Novosibirsk April op"]
[Site "Novosibirsk"]
[Date "2008.04.11"]
[Round "7"]
[White "Sharkov, Maxim"]
[Black "Bykov, Mikhail"]
[Result "1-0"]
[WhiteElo "2066"]
[BlackElo "2218"]
[PlyCount "55"]
[EventDate "2008.04.05"]
[EventType "swiss"]
[EventRounds "9"]
[EventCountry "RUS"]
[SourceTitle "EXT 2010"]
[Source "ChessBase"]
[SourceDate "2010.11.25"]
[SourceVersion "1"]
[SourceVersionDate "2010.11.25"]
[SourceQuality "1"]

1. e4 g6 2. Nf3 Bg7 3. Be2 d6 4. 0-0 Nf6 5. d3 c5 6. c3 Nc6 7. a4 0-0 8. Ne1 d5 9. Qc2 Rb8 10. f4 dxe4 11. dxe4 Na5 12. Na3 Bg4 13. Nf3 a6 14. h3 Be6 15. Ng5 Nb3 16. Rb1 Nxc1 17. Rbxc1 Bd7 18. Rcd1 Qc7 19. e5 Bf5 20. Qb3 Ne4 21. Nxe4 Bxe4 22. Bf3 Qc6 23. Bxe4 Qxe4 24. Qc4 Qe3+ 25. Kh2 b5 26. axb5 axb5 27. Nxb5 Rfd8 28. Rf3 1-0

[Event "Moscow Aeroflot op-C"]
[Site "Moscow"]
[Date "2006.02.15"]
[Round "9"]
[White "Bykov, Mikhail"]
[Black "Narayanan, Srinath"]
[Result "1-0"]
[WhiteElo "2227"]
[BlackElo "2160"]
[PlyCount "73"]
[EventDate "2006.02.07"]
[EventType "swiss"]
[EventRounds "9"]
[EventCountry "RUS"]
[SourceTitle "EXT 2007"]
[Source "ChessBase"]
[SourceDate "2006.11.23"]
[SourceVersion "1"]
[SourceVersionDate "2006.11.23"]
[SourceQuality "1"]

1. Nf3 d6 2. g3 g6 3. Bg2 Bg7 4. 0-0 Nf6 5. c4 0-0 6. Nc3 Nbd7 7. d3 e5 8. Rb1 h6 9. b4 Ne8 10. b5 f5 11. Qc2 Nef6 12. Nd2 g5 13. a4 Rb8 14. a5 b6 15. axb6 axb6 16. Nd5 Bb7 17. Bb2 f4 18. Ra1 Nc5 19. Ra7 Nxd5 20. cxd5 Qe8 21. Qc4 Qh5 22. Bf3 g4 23. Bh1 f3 24. exf3 gxf3 25. Ba3 Rf4 26. Ne4 Rf5 27. Bxc5 bxc5 28. b6 Qh3 29. Bxf3 Rxf3 30. bxc7 Rbf8 31. Rxb7 R3f5 32. Qa2 Rh5 33. f3 Qd7 34. g4 Rh4 35. Qg2 Rc8 36. Qg3 Qe7 37. Rb8 1-0

[Event "Moscow Aeroflot op-C"]
[Site "Moscow"]
[Date "2006.02.14"]
[Round "8"]
[White "Vuilleumier, Alexandre"]
[Black "Bykov, Mikhail"]
[Result "1-0"]
[WhiteElo "2354"]
[BlackElo "2227"]
[PlyCount "69"]
[EventDate "2006.02.07"]
[EventType "swiss"]
[EventRounds "9"]
[EventCountry "RUS"]
[SourceTitle "EXT 2007"]
[Source "ChessBase"]
[SourceDate "2006.11.23"]
[SourceVersion "1"]
[SourceVersionDate "2006.11.23"]
[SourceQuality "1"]

1. e4 g6 2. d4 Bg7 3. Nc3 d6 4. Bg5 Nd7 5. Qd2 c5 6. d5 a6 7. f3 b5 8. Nh3 Nb6 9. Nf2 h5 10. a4 b4 11. Ncd1 a5 12. c4 Bd7 13. Bd3 Nxa4 14. 0-0 Nb6 15. f4 Bd4 16. f5 f6 17. Be3 Bxe3 18. Qxe3 g5 19. e5 dxe5 20. Qxc5 Na4 21. Qe3 Qc7 22. Ne4 Nh6 23. c5 Ng4 24. Qc1 Qa7 25. Ndf2 Rc8 26. c6 Nb6 27. Qc5 0-0 28. Rxa5 Qb8 29. Rb5 Bxf5 30. Nxg4 Bxe4 31. Nh6+ Kh7 32. Qxe7+ Kxh6 33. Bxe4 f5 34. Rxf5 Rxf5 35. Bxf5 1-0

[Event "Sibiria Region-ch"]
[Site "Novosibirsk"]
[Date "2003.??.??"]
[Round "2"]
[White "Bykov, Mikhail"]
[Black "Popov, Vladimir Tajga"]
[Result "1-0"]
[WhiteElo "2258"]
[BlackElo "2104"]
[PlyCount "82"]
[EventDate "2003.05.??"]
[EventType "swiss"]
[EventRounds "9"]
[EventCountry "RUS"]
[SourceTitle "EXT 2008"]
[Source "ChessBase"]
[SourceDate "2007.11.25"]
[SourceVersion "1"]
[SourceVersionDate "2007.11.25"]
[SourceQuality "1"]

1. e4 c5 2. Nf3 e6 3. d4 cxd4 4. Nxd4 a6 5. Nc3 Qc7 6. Be3 Nc6 7. Qd2 Nf6 8. f3 b5 9. 0-0-0 Ne5 10. Nb3 Nc4 11. Bxc4 bxc4 12. Nd4 Bb4 13. g4 0-0 14. h4 Rb8 15. Kb1 Qa5 16. Nde2 Bb7 17. Ka1 Bc6 18. h5 Rfc8 19. g5 Ne8 20. g6 Rb5 21. Bd4 Rcb8 22. gxf7+ Kxf7 23. Qf4+ Kg8 24. Nxb5 Qxb5 25. h6 g6 26. Qe5 Qxe5 27. Bxe5 Rb5 28. Bc3 Bxc3 29. Nxc3 Rb7 30. Rd4 Bb5 31. Nxb5 axb5 32. e5 Kf7 33. Rhd1 Ke7 34. a4 bxa4 35. Rxc4 Nc7 36. Rxa4 Nd5 37. Ra8 Ne3 38. Rd2 Nf5 39. b3 Kf7 40. Rh2 g5 41. Kb2 Ne7 1-0

[Event "Sibiria Region-ch"]
[Site "Novosibirsk"]
[Date "2003.??.??"]
[Round "4"]
[White "Bykov, Mikhail"]
[Black "Shevchenko, Vitaly"]
[Result "0-1"]
[WhiteElo "2258"]
[BlackElo "2236"]
[PlyCount "103"]
[EventDate "2003.05.??"]
[EventType "swiss"]
[EventRounds "9"]
[EventCountry "RUS"]
[SourceTitle "EXT 2008"]
[Source "ChessBase"]
[SourceDate "2007.11.25"]
[SourceVersion "1"]
[SourceVersionDate "2007.11.25"]
[SourceQuality "1"]

1. e4 Nc6 2. d4 e5 3. d5 Nce7 4. g3 Nf6 5. Bg2 Ng6 6. Ne2 Bc5 7. h3 0-0 8. Nd2 d6 9. 0-0 c6 10. c4 cxd5 11. cxd5 b5 12. Nb3 Bb6 13. Qd3 a5 14. Be3 Ba6 15. Bxb6 Qxb6 16. Qd2 b4 17. Rfc1 a4 18. Rc6 Qb8 19. Nbc1 Ne7 20. Rc2 Nd7 21. Nd3 Bxd3 22. Qxd3 Nc5 23. Qe3 f5 24. Qg5 Rf6 25. exf5 Nxf5 26. Rd1 Qa7 27. Rc4 Qa6 28. Qc1 Raf8 29. Kh2 Nd4 30. Nxd4 exd4 31. f4 b3 32. axb3 Nxb3 33. Qc2 Re8 34. Bf1 Qa5 35. Bd3 g6 36. Rc8 Rff8 37. Rxe8 Rxe8 38. f5 gxf5 39. Bxf5 Qxd5 40. Bxh7+ Kh8 41. Rf1 Nc5 42. Bg6 d3 43. Qc3+ Re5 44. Rf2 Kg7 45. Bh5 Qe4 46. Rf4 Qe1 47. Qd4 Ne6 48. Rf7+ Kh8 49. Qxd3 Rxh5 50. Rf1 Qe5 51. Rf2 Ng5 52. h4 0-1